Managing Radical Change (Record no. 2711)

MARC details
000 -LEADER
fixed length control field 00407nam a22001697a 4500
005 - DATE AND TIME OF LATEST TRANSACTION
control field 20160614170304.0
008 - FIXED-LENGTH DATA ELEMENTS--GENERAL INFORMATION
fixed length control field 160614b xxu||||| |||| 00| 0 eng d
020 ## - INTERNATIONAL STANDARD BOOK NUMBER
ISBN 978-0141-00022-0
041 ## - LANGUAGE CODE
Language code of text/sound track or separate title eng
082 ## - DEWEY DECIMAL CLASSIFICATION NUMBER
Item number 7587
100 ## - MAIN ENTRY--AUTHOR NAME
Personal name Ghoshal Sumantra and Others
245 ## - TITLE STATEMENT
Title Managing Radical Change
260 ## - PUBLICATION, DISTRIBUTION, ETC. (IMPRINT)
Name of publisher Penguin books
Year of publication 2002
300 ## - PHYSICAL DESCRIPTION
Number of Pages 331
650 ## - SUBJECT ADDED ENTRY--TOPICAL TERM
Topical Term Management
942 ## - ADDED ENTRY ELEMENTS (KOHA)
Koha item type Books
Holdings
Lost status Damaged status Collection code Home library Current library Shelving location Date acquired Cost, normal purchase price Full call number Accession Number Koha item type Source of acquisition
    MANAGEMENT JRU Library JRU Library SHELF- 67 L 14/06/2016 399.00 658 7587 Books  
    MANAGEMENT JRU Library JRU Library SHELF- 67 L 14/06/2016 399.00 658 7588 Books PURCHASE
    Reference JRU Library   SHELF-28-E 14/06/2016 399.00 658 7589 Books  
    MANAGEMENT JRU Library JRU Library SHELF- 67 L 14/06/2016 399.00 658 7590 Books PURCHASE